000 01178nam a2200253Ia 4500
999 _c40527
_d40527
001 7138
003 GE_BSU
005 20231005165429.0
008 181216s2011||||ge |||||||||||||| ||geo||
020 _a9789941192524
040 _cGE_BSU
041 _ageo
080 _a821.353.1-1+821.353.1-92 ტ-15
100 _aტაბიძე, გალაკტიონ
_920008
245 _aპოეზია, წერილები. ტ.3 :
_b[ხუთტომეული] /
_cგალაკტიონ ტაბიძე ; [სარედ. ჯგ. ზ. აბაშიძე, მ. ჯანელიძე, ი. ხარშილაძე].
264 _aთბილისი :
_bპალიტრა L,
_c2011.
300 _a352 გვ. :
_bფოტო-პორტრეტი გარეკანზე ;
_c20 სმ.
490 _aჩემი რჩეული
_vჟურნალ "გზის" ბიბლიოთეკა, ტ. 8
_xISSN 2233-3037
541 _h8ლ.
653 _aპოეზია
653 _aწერილები
700 _aაბაშიძე, ზურაბ
_eრედაქტორი
_91322
942 _cBK
_2udc